[Event "Brasov GP RO"]
[White "Moroita, Vlad"]
[Black "Raja, Rithvik R"]
[Site "Brasov"]
[Round "1"]
[Result "0-1"]
[Date "2023.07.16"]
[WhiteElo "1626"]
[BlackElo "2469"]
[PlyCount "44"]
[EventDate "2023.07.16"]
[EventType "swiss"]
[EventRounds "9"]
[EventCountry "ROU"]
[SourceTitle "CBM 215 Extra"]
[Source "ChessBase"]
[SourceDate "2023.09.30"]
[SourceVersion "1"]
[SourceVersionDate "2023.09.30"]
[SourceQuality "1"]

1. e4 c5 2. Nf3 d6 3. d4 cxd4 4. Nxd4 Nf6 5. Nc3 a6 6. Bg5 e6 7. f3 h6 8. Be3 b5 9. Bd3 Bb7 10. 0-0 Nbd7 11. Qd2 Be7 12. Rac1 Rc8 13. Rfd1 Ne5 14. Nce2 d5 15. exd5 Nxd5 16. Bf2 0-0 17. c3 Bg5 18. f4 Nxf4 19. Nxf4 Nxd3 20. Qxd3 Bxf4 21. Be3 Qg5 22. Rc2 Bxe3+ 0-1

[Event "FISCA Online op"]
[White "Moroita, Stefan"]
[Black "Moroita, Vlad"]
[Site "Chess.com INT"]
[Round "9"]
[Result "0-1"]
[Date "2020.06.28"]
[WhiteElo "1006"]
[BlackElo "1194"]
[PlyCount "116"]
[EventDate "2020.06.19"]
[EventType "swiss"]
[EventRounds "9"]
[EventCountry "ROU"]
[SourceTitle "CBM 197 Extra"]
[Source "ChessBase"]
[SourceDate "2020.09.30"]
[SourceVersion "1"]
[SourceVersionDate "2020.09.30"]
[SourceQuality "1"]

1. d4 d5 2. Nf3 Nf6 3. c4 dxc4 4. e3 e6 5. Bxc4 a6 6. Nc3 b5 7. Bd3 Bb7 8. e4 b4 9. e5 bxc3 10. exf6 Qxf6 11. bxc3 Bxf3 12. Qxf3 Qxf3 13. gxf3 Nd7 14. Bf4 Bd6 15. Bg3 0-0 16. 0-0 Bxg3 17. hxg3 c5 18. Kg2 cxd4 19. cxd4 Nf6 20. g4 Rfd8 21. g5 Rxd4 22. gxf6 Rxd3 23. fxg7 Kxg7 24. Rfd1 Rad8 25. Rxd3 Rxd3 26. a4 Rd4 27. Kg3 Kf6 28. a5 Kg5 29. Rg1 Rd5 30. Ra1 f5 31. f4+ Kf6 32. Ra4 Rd3+ 33. f3 Rd1 34. Ra2 Rg1+ 35. Rg2 Rxg2+ 36. Kxg2 e5 37. Kf2 exf4 38. Ke2 Ke5 39. Kd3 Kd5 40. Kc3 Kc5 41. Kb3 h5 42. Ka3 h4 43. Kb3 h3 44. Kc2 h2 45. Kd1 h1B 46. Kd2 Bxf3 47. Ke1 Be4 48. Kf2 f3 49. Kf1 Kd4 50. Kf2 Kd3 51. Kf1 Ke3 52. Ke1 f2+ 53. Kf1 Bd3+ 54. Kg2 f1Q+ 55. Kg3 Qf4+ 56. Kg2 Qf3+ 57. Kg1 Bf1 58. Kh2 Qg2# 0-1

[Event "FISCA Online op"]
[White "Moroita, Vlad"]
[Black "Bondar, Daria"]
[Site "Chess.com INT"]
[Round "8"]
[Result "0-1"]
[Date "2020.06.27"]
[WhiteElo "1194"]
[BlackElo "1460"]
[PlyCount "106"]
[EventDate "2020.06.19"]
[EventType "swiss"]
[EventRounds "9"]
[EventCountry "ROU"]
[SourceTitle "CBM 197 Extra"]
[Source "ChessBase"]
[SourceDate "2020.09.30"]
[SourceVersion "1"]
[SourceVersionDate "2020.09.30"]
[SourceQuality "1"]

1. d4 Nf6 2. Bg5 g6 3. c4 Bg7 4. Nf3 0-0 5. e3 d6 6. Nc3 Nbd7 7. Be2 h6 8. Bh4 e5 9. 0-0 g5 10. Bg3 Nh5 11. Rc1 Nxg3 12. hxg3 f5 13. dxe5 dxe5 14. Qd5+ Kh8 15. Rfd1 Qe7 16. a3 e4 17. Nd4 Ne5 18. b4 c6 19. Qa5 Bd7 20. Qc7 Rab8 21. Rd2 Qf7 22. c5 Rfc8 23. Qa5 Ra8 24. Rcd1 Bf6 25. Qa4 Rg8 26. Qb3 Qe7 27. Bc4 Nxc4 28. Qxc4 Be5 29. Qe2 Qg7 30. g4 Qg6 31. gxf5 Bxf5 32. Nxf5 Qxf5 33. Na2 g4 34. g3 Raf8 35. Kg2 Rg7 36. Rh1 h5 37. Nc1 Rh7 38. Nb3 Qf6 39. Rdd1 Qg6 40. Nd4 Qf6 41. Rd2 Rg8 42. Rh4 Qg6 43. Rd1 Bf6 44. Rhh1 h4 45. gxh4 Bxh4 46. Kf1 g3 47. Rg1 Qf6 48. Rd2 Rf8 49. Rg2 gxf2 50. Qg4 Bg3 51. Qxg3 Rh1+ 52. Rg1 fxg1Q+ 53. Ke2 Qgf1# 0-1

[Event "FISCA Online U14 op"]
[White "Stanciu, Rares Stefan"]
[Black "Moroita, Vlad"]
[Site "Chess.com INT"]
[Round "2"]
[Result "0-1"]
[Date "2020.05.10"]
[WhiteElo "1104"]
[BlackElo "1194"]
[PlyCount "86"]
[EventDate "2020.05.09"]
[EventType "swiss"]
[EventRounds "9"]
[EventCountry "ROU"]
[SourceTitle "EXT 2021"]
[Source "ChessBase"]
[SourceDate "2020.10.23"]
[SourceVersion "1"]
[SourceVersionDate "2020.10.23"]
[SourceQuality "1"]

1. e4 c6 2. d4 d5 3. Nc3 dxe4 4. Nxe4 Bf5 5. Bf4 Bxe4 6. Bxb8 Rxb8 7. f3 Bg6 8. Bd3 Qxd4 9. Ne2 Qxb2 10. Bxg6 hxg6 11. Nd4 Qc3+ 12. Kf1 Rd8 13. Qb1 Qxd4 14. a4 Qc4+ 15. Ke1 b6 16. Ra3 Nf6 17. Rd3 Rxd3 18. cxd3 Qxa4 19. Kd2 e6 20. Qc2 Qxc2+ 21. Kxc2 Bc5 22. h3 Ke7 23. g4 Rd8 24. g5 Nd5 25. h4 Nb4+ 26. Kc3 Nxd3 27. Kc4 Ne5+ 28. Kc3 Nxf3 29. Kc2 Rd4 30. Rh3 Nxh4 31. Kc3 Nf5 32. Rf3 Rg4 33. Rf2 Bxf2 34. Kd3 a5 35. Ke2 a4 36. Kxf2 a3 37. Kf3 Rd4 38. Ke2 a2 39. Kf3 a1Q 40. Ke2 Qb2+ 41. Kf3 Qc3+ 42. Kf2 Rd2+ 43. Ke1 Qc1# 0-1